<?xml version="1.0" encoding="UTF-8"?><?xml-stylesheet type="text/xsl" href="static/style.xsl"?><OAI-PMH xmlns="http://www.openarchives.org/OAI/2.0/" xmlns:xsi="http://www.w3.org/2001/XMLSchema-instance" xsi:schemaLocation="http://www.openarchives.org/OAI/2.0/ http://www.openarchives.org/OAI/2.0/OAI-PMH.xsd"><responseDate>2026-04-27T21:40:24Z</responseDate><request verb="GetRecord" identifier="oai:uvadoc.uva.es:10324/4084" metadataPrefix="marc">https://uvadoc.uva.es/oai/request</request><GetRecord><record><header><identifier>oai:uvadoc.uva.es:10324/4084</identifier><datestamp>2025-02-20T09:33:11Z</datestamp><setSpec>com_10324_38</setSpec><setSpec>col_10324_852</setSpec></header><metadata><record xmlns="http://www.loc.gov/MARC21/slim" xmlns:doc="http://www.lyncode.com/xoai" xmlns:xsi="http://www.w3.org/2001/XMLSchema-instance" xmlns:dcterms="http://purl.org/dc/terms/" xsi:schemaLocation="http://www.loc.gov/MARC21/slim http://www.loc.gov/standards/marcxml/schema/MARC21slim.xsd">
<leader>00925njm 22002777a 4500</leader>
<datafield tag="042" ind1=" " ind2=" ">
<subfield code="a">dc</subfield>
</datafield>
<datafield tag="720" ind1=" " ind2=" ">
<subfield code="a">Martín Velázquez, Ángel</subfield>
<subfield code="e">author</subfield>
</datafield>
<datafield tag="260" ind1=" " ind2=" ">
<subfield code="c">2013</subfield>
</datafield>
<datafield tag="520" ind1=" " ind2=" ">
<subfield code="a">El Trabajo de Grado “Android OBD-II”, es la construcción de un ordenador de a bordo en Android, cuyo objetivo principal ha sido ofrecer la información interna del automóvil durante la conducción, extraída del puerto de giagnosis del vehículo, a cualquier persona que disponga de un teléfono o tablet con sistema operativo android. Pero éste no ha sido el único objetivo perseguido, sino también, diferenciarse de las aplicaciones similares que ya están disponibles en el mercado y poder ofrecer adicionalmente información calculada, que toda esta información sea accesible en cualquier momento y que la aplicación genere gráficas estadísticas, que permitan al usuario poder aprovechar todos estos datos</subfield>
</datafield>
<datafield tag="024" ind2=" " ind1="8">
<subfield code="a">http://uvadoc.uva.es/handle/10324/4084</subfield>
</datafield>
<datafield ind1=" " ind2=" " tag="653">
<subfield code="a">Android (Sistema operativo de ordenadores)</subfield>
</datafield>
<datafield ind1=" " ind2=" " tag="653">
<subfield code="a">Automóviles - Informática</subfield>
</datafield>
<datafield ind1=" " ind2=" " tag="653">
<subfield code="a">Comunicaciones inalámbricas - Tecnología</subfield>
</datafield>
<datafield tag="245" ind1="0" ind2="0">
<subfield code="a">Android OBD-II (Ordenador de a bordo en Android)</subfield>
</datafield>
</record></metadata></record></GetRecord></OAI-PMH>